[Event "Pan American-ch School U11 12th"]
[Site "Callao"]
[Date "2023.10.18"]
[Round "5"]
[White "Meneses Morales, Marcos Beltran"]
[Black "Ruiz Bolanos, Eithan"]
[Result "0-1"]
[WhiteElo "1401"]
[BlackElo "1582"]
[PlyCount "57"]
[EventDate "2023.10.16"]
[EventType "swiss"]
[EventRounds "9"]
[EventCountry "PER"]
[SourceTitle "CB48_2023"]
[SourceDate "2023.11.29"]
[SourceVersion "1"]
[SourceVersionDate "2023.11.29"]
[SourceQuality "1"]

1. d4 Nf6 2. c4 g6 3. Nc3 Bg7 4. Nf3 0-0 5. e4 d6 6. Be2 e5 7. 0-0 Nc6 8. d5 Ne7 9. Ne1 Ne8 10. Be3 f5 11. f3 f4 12. Bf2 g5 13. Nd3 Ng6 14. c5 Rf7 15. Rc1 Bf8 16. cxd6 cxd6 17. Nb5 h5 18. Nxa7 Bd7 19. Qb3 g4 20. Kh1 Qg5 21. Qxb7 Rxa7 22. Qxa7 g3 23. Bb6 Nh4 24. Ne1 Bh3 25. Qb8 Nxg2 26. Nxg2 Bxg2+ 27. Kxg2 gxh2+ 28. Kh1 Rg7 29. Rg1 0-1